| 000 | 01117nam a2200289 i 4500 | ||
|---|---|---|---|
| 001 | 93408 | ||
| 003 | ES-MaACL | ||
| 005 | 20250624062855.0 | ||
| 007 | t| | ||
| 008 | 050526s1961 sp ||||1| spa d | ||
| 080 | _a75 Máximo (083.82) | ||
| 100 | 1 |
_aMáximo. _979305 |
|
| 245 | 1 | 0 |
_aMáximo _b: [exposición, Sala del Prado del Ateneo de Madrid, 23 de mayo-6 de junio de 1961] / _c[Texto: Juan Antonio Gaya Nuño]. |
| 260 |
_aMadrid : _bEditora Nacional, _c[1961] |
||
| 300 |
_a[34] p. : _bprincipalmente il. n. ; _c21 cm. |
||
| 490 | 1 |
_aCuadernos de arte. Colección ordinaria ; _v82 |
|
| 600 | 1 | 4 |
_aMáximo- _vExposiciones. _979306 |
| 610 | 2 | 7 |
_aAteneo de Madrid- _vExposiciones- _y1960-1969. _91920 |
| 655 | 7 |
_2tgfbne _9193628 _aCatálogos de exposiciones |
|
| 700 | 0 |
_aGaya Nuño, Juan Antonio, _d1913-1976 _956130 |
|
| 710 | 2 |
_aAteneo de Madrid. _bSala del Prado. _91965 |
|
| 830 | 0 |
_aCuadernos de arte. Colección ordinaria _v82 _9180064 |
|
| 852 |
_aES-MaACL _j2192-F-5 _996837 _bR.136082 _cDEPOF |
||
| 852 |
_aES-MaACL _jG-13298(3). |
||
| 942 |
_2udc _cFOLLETOS |
||
| 999 |
_c93408 _d93408 |
||